OECD international direct investment statistics : 2014.
| Format: | Book |
|---|---|
| Published: |
Paris Cedex:
OECD Publishing,
2014.
|
| Subjects: |
| LEADER | 00504cam a2200145 7i4500 | ||
|---|---|---|---|
| 001 | 0000032465 | ||
| 005 | 20151005090000.0 | ||
| 020 | 0 | 0 | |a 97892649214484 |
| 090 | 0 | 0 | |a I 332.673 |b OEC |
| 245 | 0 | 0 | |a OECD international direct investment statistics : |b 2014. |
| 260 | 0 | 0 | |a Paris Cedex: |b OECD Publishing, |c 2014. |
| 300 | # | # | |a 233 pages. |
| 650 | 0 | 0 | |a Investments, Foreign -- |x Statistics -- |z OECD countries |
| 650 | 0 | 0 | |a Investments, Foreign -- |x Statistics |
| 999 | |a B000036361 |b Book |c International |e Business Information Centre | ||